Indonesia : Selected Issues.

This Selected Issues paper for Indonesia uses a small structural macroeconomics model of the Indonesian economy to analyze the inflation outlook and monetary policy challenges. The Bank of Indonesia (BI) introduced its Inflation Targeting Framework in July 2005 with the goal to reduce inflation in t...

Descripció completa

Dades bibliogràfiques
Autor corporatiu: International Monetary Fund
Format: Revista
Idioma:English
Publicat: Washington, D.C. : International Monetary Fund, 2008.
Col·lecció:IMF Staff Country Reports; Country Report ; No. 2008/298
Accés en línia:Full text available on IMF
LEADER 01543cas a2200241 a 4500
001 AALejournalIMF005372
008 230101c9999 xx r poo 0 0eng d
020 |c 5.00 USD 
020 |z 9781451818420 
022 |a 1934-7685 
040 |a BD-DhAAL  |c BD-DhAAL 
110 2 |a International Monetary Fund. 
245 1 0 |a Indonesia :   |b Selected Issues. 
264 1 |a Washington, D.C. :  |b International Monetary Fund,  |c 2008. 
300 |a 1 online resource (64 pages) 
490 1 |a IMF Staff Country Reports 
500 |a <strong>Off-Campus Access:</strong> No User ID or Password Required 
500 |a <strong>On-Campus Access:</strong> No User ID or Password Required 
506 |a Electronic access restricted to authorized BRAC University faculty, staff and students 
520 3 |a This Selected Issues paper for Indonesia uses a small structural macroeconomics model of the Indonesian economy to analyze the inflation outlook and monetary policy challenges. The Bank of Indonesia (BI) introduced its Inflation Targeting Framework in July 2005 with the goal to reduce inflation in the medium term to 3 percent. BI's official mandate is stability of the rupiah, both internal and external, and BI views the inflation targeting regime with a floating exchange rate as the best strategy to fulfill that mandate. 
538 |a Mode of access: Internet 
830 0 |a IMF Staff Country Reports; Country Report ;  |v No. 2008/298 
856 4 0 |z Full text available on IMF  |u http://elibrary.imf.org/view/journals/002/2008/298/002.2008.issue-298-en.xml  |z IMF e-Library